000 004450000a22001690004500
003 MACL
005 20151229123409.0
008 151229b xxu||||| |||| 00| 0 eng d
040 _aMACL
_cMACL
041 _aEnglish
082 _a150/MUR
100 _aMurphy, Gardner
_923687
245 _aHistorical Introduction to Modern Psychology
260 _bRoutledge & Kegan Paul Ltd
_c1960
650 _aPsychology
_923688
942 _cBK
_k150/MUR
_2ddc
999 _c38990
_d38990